[Event "24th ch-EUR Indiv w 2024"]
[Site "Rhodes GRE"]
[Date "2024.04.20"]
[Round "2.28"]
[White "Nilssen, Ellen Fredericia"]
[Black "Kulon, Klaudia"]
[Result "0-1"]
[WhiteTitle "WFM"]
[BlackTitle "IM"]
[WhiteElo "2195"]
[BlackElo "2348"]
[WhiteFideId "1441230"]
[BlackFideId "1131044"]
[EventDate "2024.04.19"]

1. e4 d5 2. exd5 Qxd5 3. Nc3 Qd8 4. d4 Nf6 5. Bc4 g6 6. Nf3 Bg7 7. h3 O-O 8. O-O
Nc6 9. Re1 b6 10. Be3 Bb7 11. Ne5 e6 12. Nxc6 Bxc6 13. Qd2 Qd7 14. Rad1 Bxg2 15.
Bxe6 fxe6 16. Kxg2 b5 17. Qd3 Qc6+ 18. f3 Nd5 19. Qxb5 Nxe3+ 20. Rxe3 Qd6 21.
Qc4 Rae8 22. Ne2 Rf5 23. Re4 h5 24. h4 Kh7 25. c3 c5 26. Ng3 cxd4 27. Nxf5 gxf5
28. Rexd4 Bxd4 29. Qxd4 Rg8+ 30. Kf2 Qh2+ 31. Ke3 Rg7 32. Rd2 Qg1+ 33. Kd3 Qb1+
34. Ke3 Qxa2 35. Qd8 Qa4 36. Qd4 Qb5 37. Qd6 Qc4 38. Qd4 Qf1 39. Qd8 f4+ 40. Kd4
Qxf3 41. Kc4 Qc6+ 42. Kb3 Qb5+ 43. Kc2 Qa4+ 0-1

[Event "24th ch-EUR Indiv w 2024"]
[Site "Rhodes GRE"]
[Date "2024.04.20"]
[Round "2.29"]
[White "Gaboyan, Susanna"]
[Black "Gaponenko, Inna"]
[Result "1/2-1/2"]
[WhiteTitle "WIM"]
[BlackTitle "IM"]
[WhiteElo "2192"]
[BlackElo "2332"]
[WhiteFideId "13303627"]
[BlackFideId "14101181"]
[EventDate "2024.04.19"]

1. e4 c5 2. Nf3 Nc6 3. Bb5 Na5 4. O-O a6 5. Be2 b5 6. a4 b4 7. d4 e6 8. d5 exd5
9. exd5 d6 10. Re1 Be7 11. Bg5 h6 12. Bh4 g5 13. Bg3 Kf8 14. Nfd2 f5 15. f4 Bf6
16. c3 Rb8 17. Bh5 Ne7 18. Nf3 Kg7 19. h3 Ng6 20. Ne5 dxe5 21. fxe5 Nxe5 22.
Bxe5 Bxe5 23. Rxe5 Qd6 24. Qe2 Kf6 25. Re8 Bd7 26. Rxh8 Rxh8 27. Nd2 Qxd5 28.
Re1 Nc6 29. Bf3 Qe5 30. Qf2 Qf4 31. Qxc5 Ne5 32. Bd5 Re8 33. Qd6+ Kg7 34. Rxe5
Qxe5 35. Qxd7+ Re7 36. Qd8 Re8 37. Qd7+ Re7 38. Qd8 Re8 39. Qd7+ Re7 1/2-1/2

[Event "24th ch-EUR Indiv w 2024"]
[Site "Rhodes GRE"]
[Date "2024.04.20"]
[Round "2.30"]
[White "Ciolacu, Alessia-Mihaela"]
[Black "Rakhmangulova, Anastasiya"]
[Result "0-1"]
[WhiteTitle "WIM"]
[BlackTitle "WGM"]
[WhiteElo "2188"]
[BlackElo "2324"]
[WhiteFideId "1252640"]
[BlackFideId "14117479"]
[EventDate "2024.04.19"]

1. d4 Nf6 2. c4 g6 3. Nc3 Bg7 4. e4 d6 5. h3 O-O 6. Be3 c5 7. d5 e6 8. Bd3 exd5
9. exd5 Re8 10. Nf3 Nbd7 11. O-O Rxe3 12. fxe3 Qe7 13. Qd2 Nh5 14. g4 Ng3 15.
Rf2 h5 16. Kg2 h4 17. Ne2 b5 18. Nxg3 hxg3 19. Kxg3 bxc4 20. Bxc4 Nf6 21. Kg2
Ne4 22. Qe2 Nxf2 23. Kxf2 Rb8 24. Rb1 f5 25. g5 f4 26. exf4 Qf7 27. b3 Bxh3 28.
Re1 Qxf4 29. Kg1 Qg3+ 30. Kh1 Bg4 31. Rf1 Qh3+ 32. Kg1 Bd4+ 33. Nxd4 Bxe2 34.
Nxe2 Qg4+ 35. Kh2 Kg7 0-1

[Event "24th ch-EUR Indiv w 2024"]
[Site "Rhodes GRE"]
[Date "2024.04.20"]
[Round "2.31"]
[White "Levitan, Ronit"]
[Black "Radeva, Viktoria"]
[Result "1-0"]
[WhiteTitle "WFM"]
[BlackTitle "WGM"]
[WhiteElo "2187"]
[BlackElo "2315"]
[WhiteFideId "2815109"]
[BlackFideId "2915405"]
[EventDate "2024.04.19"]

1. e4 e6 2. d4 d5 3. Nd2 c5 4. Ngf3 cxd4 5. Nxd4 Nc6 6. Bb5 Ne7 7. O-O Bd7 8.
Nxc6 Bxc6 9. Bxc6+ Nxc6 10. b3 Be7 11. Bb2 O-O 12. Qe2 dxe4 13. Nxe4 Qc7 14. c4
Rad8 15. Rfd1 Qf4 16. Ng3 e5 17. Nh5 Qf5 18. Ng3 Qe6 19. Rxd8 Rxd8 20. Re1 f6
21. Rd1 Rxd1+ 22. Qxd1 Bc5 23. Ne4 Bd4 24. Ba3 Qf5 25. Qe2 Nd8 26. h3 Qd7 27.
Nd6 b6 28. Qe4 Qc6 29. Qg4 Bc5 30. Bxc5 bxc5 31. Nf5 Qb7 32. Qd1 Ne6 33. Qd6 Kf7
34. b4 Nf4 35. f3 cxb4 36. c5 g6 37. Nh6+ Kg7 38. Ng4 Qf7 39. c6 Nd5 40. Kh2 h5
41. Nxf6 Nb6 42. Ne4 Qf4+ 43. Kg1 h4 44. Qc5 Kh6 45. c7 Nc8 46. Nd6 Nxd6 47.
Qxd6 Qe3+ 48. Kf1 Qc1+ 49. Ke2 Qc4+ 50. Ke3 Qf4+ 51. Kf2 Qc1 52. Qf8+ Kg5 53.
Qd8+ Kh5 54. c8=Q Qb2+ 55. Kg1 1-0

[Event "24th ch-EUR Indiv w 2024"]
[Site "Rhodes GRE"]
[Date "2024.04.20"]
[Round "2.32"]
[White "Sliwicka, Alicja"]
[Black "Terbe, Zsuzsanna"]
[Result "1-0"]
[WhiteTitle "WIM"]
[BlackTitle "WIM"]
[WhiteElo "2315"]
[BlackElo "2174"]
[WhiteFideId "1150677"]
[BlackFideId "708801"]
[EventDate "2024.04.19"]

1. e4 c5 2. Nf3 Nc6 3. d4 cxd4 4. Nxd4 Nf6 5. Nc3 e5 6. Ndb5 d6 7. Bg5 a6 8. Na3
b5 9. Bxf6 gxf6 10. Nd5 Bg7 11. Bd3 Ne7 12. Nxe7 Qxe7 13. O-O O-O 14. c4 f5 15.
Qh5 d5 16. cxd5 Qd8 17. exf5 Qxd5 18. Rad1 e4 19. Bxb5 Qxf5 20. Qxf5 Bxf5 21.
Bd7 Bxd7 22. Rxd7 Rfd8 23. Rxd8+ Rxd8 24. Nc4 a5 25. b3 a4 26. Rb1 Bc3 27. g4
axb3 28. Rxb3 Rd1+ 29. Kg2 Bd4 30. Rb8+ Kg7 31. Rd8 Rd3 32. a4 Bc3 33. Rxd3 exd3
34. Kf3 Bd4 35. a5 Kg6 36. Ne3 Bc5 37. h4 h5 38. Nd1 Bd6 39. a6 Bb8 40. gxh5+
Kxh5 41. Ke3 Kxh4 42. Kxd3 Kg4 43. Ke4 1-0

[Event "24th ch-EUR Indiv w 2024"]
[Site "Rhodes GRE"]
[Date "2024.04.20"]
[Round "2.33"]
[White "Ibrahimova, Sabina"]
[Black "Antolak, Julia"]
[Result "0-1"]
[WhiteTitle "WIM"]
[BlackTitle "WGM"]
[WhiteElo "2175"]
[BlackElo "2309"]
[WhiteFideId "13403893"]
[BlackFideId "1159569"]
[EventDate "2024.04.19"]

1. c4 c5 2. Nf3 Nc6 3. Nc3 g6 4. d4 cxd4 5. Nxd4 Bg7 6. Nb3 d6 7. Bd2 a5 8. a4
Be6 9. e4 Nf6 10. Nc1 O-O 11. Be2 Rc8 12. O-O Nb4 13. Qb3 Nd7 14. f3 Qb6+ 15.
Kh1 Qd4 16. Bg5 f6 17. Nb5 Bxc4 18. Nxd4 Bxb3 19. Ncxb3 fxg5 20. Ne6 Rf6 21.
Nxg7 Kxg7 22. Rac1 Rff8 23. Nxa5 b6 24. Nb3 Nc5 25. Nd4 Kf6 26. Bb5 Ncd3 27.
Rcd1 Nxb2 28. Rb1 N4d3 29. Nc6 Rc7 30. Bxd3 Nxd3 31. Rxb6 Rfc8 32. Nb4 Nxb4 33.
Rxb4 Rc2 34. h4 gxh4 35. Kh2 Ra2 36. e5+ Kxe5 37. Re1+ Kf5 38. Rxe7 Rcc2 39.
Rxh4 Rxg2+ 40. Kh1 Rgd2 41. Re1 h5 42. Rhe4 d5 43. Re7 Rxa4 44. Rf7+ Kg5 45.
Rg1+ Kh6 46. f4 Raa2 47. Re1 h4 48. Rf8 Rh2+ 49. Kg1 h3 0-1

[Event "24th ch-EUR Indiv w 2024"]
[Site "Rhodes GRE"]
[Date "2024.04.20"]
[Round "2.34"]
[White "Babiy, Olga"]
[Black "Manakova, Maria"]
[Result "1-0"]
[WhiteTitle "WGM"]
[BlackTitle "WGM"]
[WhiteElo "2306"]
[BlackElo "2148"]
[WhiteFideId "14117258"]
[BlackFideId "927007"]
[EventDate "2024.04.19"]

1. e4 c5 2. Nf3 Nc6 3. d4 cxd4 4. Nxd4 e5 5. Nb5 d6 6. N1c3 a6 7. Na3 b5 8. Nd5
Be6 9. c3 Be7 10. g3 Nf6 11. Bg2 O-O 12. O-O Na5 13. Nc2 Nxd5 14. exd5 Bd7 15.
f4 Bf6 16. Kh1 Qc8 17. fxe5 Bg4 18. Bf3 Bxf3+ 19. Qxf3 Bxe5 20. Ne3 Nc4 21. Nf5
Qb7 22. b3 Nb6 23. Ba3 Rad8 24. Rad1 Kh8 25. Rfe1 f6 26. Bb4 Rd7 27. Ba5 Rc8 28.
Rd3 g6 29. Bxb6 Qxb6 30. Nd4 Bxd4 31. Rxd4 Kg7 32. Rde4 Rf7 33. Re6 Qc7 34. R1e3
Qc5 35. Kg2 Rcc7 36. h4 h5 37. Kh3 a5 38. Qe4 Qa3 39. Qb1 Qc5 40. Qd3 Qa3 41.
Qd2 Qc5 42. Kh2 Ra7 43. Rf3 b4 44. c4 a4 45. Qb2 axb3 46. axb3 Kh7 47. Rfxf6
Rxf6 48. Qxf6 Rg7 49. Re8 Qa7 50. Qf8 Kh6 51. Qh8+ Rh7 52. Qf6 Qa2+ 53. Kh3 Qd2
54. Rg8 1-0

[Event "24th ch-EUR Indiv w 2024"]
[Site "Rhodes GRE"]
[Date "2024.04.20"]
[Round "2.35"]
[White "Markantonaki, Haritomeni"]
[Black "Benmesbah, Natacha"]
[Result "0-1"]
[WhiteTitle "WFM"]
[BlackTitle "WIM"]
[WhiteElo "2167"]
[BlackElo "2306"]
[WhiteFideId "4207050"]
[BlackFideId "642002"]
[EventDate "2024.04.19"]

1. e4 c5 2. Nf3 Nc6 3. Bb5 g6 4. c3 Nf6 5. Qe2 Bg7 6. d4 cxd4 7. cxd4 d5 8. e5
Ne4 9. O-O Qb6 10. Nc3 Nxc3 11. bxc3 O-O 12. Bd3 Qa5 13. Bd2 Bg4 14. Rfd1 f6 15.
e6 Qa3 16. h3 Bxf3 17. Qxf3 Qd6 18. Re1 Na5 19. Rab1 b6 20. h4 Rac8 21. Rb5 Rfd8
22. h5 Nc4 23. Bc1 Qc6 24. Rb3 Qe8 25. hxg6 hxg6 26. Qh3 Rc6 27. g3 f5 28. g4
Nd6 29. gxf5 gxf5 30. Re3 Qg6+ 31. Rg3 Qxe6 32. Bh6 Ne8 33. Bxg7 Nxg7 34. Bxf5
Qh6 35. Qg4 Rf6 36. Rh3 Qc1+ 37. Kg2 Rxf5 38. Rg3 Rf7 39. c4 Qf4 0-1

[Event "24th ch-EUR Indiv w 2024"]
[Site "Rhodes GRE"]
[Date "2024.04.20"]
[Round "2.36"]
[White "Heinemann, Josefine"]
[Black "Donghvani, Nia"]
[Result "1/2-1/2"]
[WhiteTitle "WGM"]
[WhiteElo "2303"]
[BlackElo "2028"]
[WhiteFideId "12900460"]
[BlackFideId "13614649"]
[EventDate "2024.04.19"]

1. e4 c5 2. Nf3 e6 3. d4 cxd4 4. Nxd4 Nf6 5. Nc3 Nc6 6. Nxc6 bxc6 7. e5 Nd5 8.
Ne4 Qc7 9. f4 Qb6 10. a3 Ne3 11. Qd3 Nxf1 12. Rxf1 Ba6 13. c4 c5 14. b3 Rb8 15.
Rf3 Be7 16. Bb2 Bb7 17. O-O-O Qc6 18. Nd6+ Bxd6 19. exd6 f6 20. Re1 Kf7 21. Rg3
Ba8 22. Rxg7+ Kxg7 23. Qg3+ Kf7 24. Qh4 Qxd6 25. Qxf6+ Ke8 26. Qxh8+ Qf8 27. Qe5
Rxb3 28. f5 Rb6 29. Bc3 Bxg2 30. Rg1 Bh3 31. f6 Bf5 32. Rg7 d6 33. Qg3 Bg6 34.
Re7+ Kd8 35. Ba5 Qh6+ 36. Kd1 Bh5+ 37. Ke1 Qc1+ 38. Kf2 Qb2+ 39. Kg1 Qd4+ 40.
Kg2 Qe4+ 41. Kh3 Qf5+ 42. Kg2 Qe4+ 43. Kh3 Qf5+ 44. Kg2 Qe4+ 1/2-1/2

[Event "24th ch-EUR Indiv w 2024"]
[Site "Rhodes GRE"]
[Date "2024.04.20"]
[Round "2.37"]
[White "Janiashvili, Mariami"]
[Black "Zherebtsova, Alexandra"]
[Result "1/2-1/2"]
[WhiteTitle "WFM"]
[BlackTitle "WFM"]
[WhiteElo "1964"]
[BlackElo "2302"]
[WhiteFideId "13612077"]
[BlackFideId "24129518"]
[EventDate "2024.04.19"]

1. d4 Nf6 2. c4 e6 3. Nc3 d5 4. cxd5 exd5 5. Bg5 c6 6. Qc2 Bd6 7. e3 O-O 8. Bd3
h6 9. Bh4 Re8 10. Nf3 Be6 11. Ne5 c5 12. O-O Nc6 13. Bxf6 Qxf6 14. Nxc6 bxc6 15.
dxc5 Bxc5 16. Ne2 Bb6 17. Qxc6 Qxb2 18. Qa4 Qe5 19. Qf4 Qxf4 20. Nxf4 Rac8 21.
Rac1 Kf8 22. h3 Red8 23. Rfd1 g5 24. Nxe6+ fxe6 25. Kf1 Ke7 1/2-1/2

[Event "24th ch-EUR Indiv w 2024"]
[Site "Rhodes GRE"]
[Date "2024.04.20"]
[Round "2.38"]
[White "Khotenashvili, Bella"]
[Black "Olde, Margareth"]
[Result "1-0"]
[WhiteTitle "GM"]
[BlackTitle "WIM"]
[WhiteElo "2454"]
[BlackElo "2146"]
[WhiteFideId "13602640"]
[BlackFideId "4503082"]
[EventDate "2024.04.19"]

1. d4 d5 2. c4 e6 3. Nf3 Nf6 4. Nc3 Nbd7 5. Qc2 dxc4 6. e4 c5 7. d5 Nb6 8. Bg5
exd5 9. exd5 Be7 10. O-O-O Qd7 11. d6 Bd8 12. Re1+ Kf8 13. Qd2 h6 14. Bh4 g5 15.
Bg3 Qf5 16. Re5 Qg6 17. Rxc5 Nfd7 18. Ne5 Qe6 19. Nxd7+ Bxd7 20. Be2 Rc8 21.
Rxc8 Bxc8 22. Re1 Qf5 23. Bd1 Bf6 24. Bc2 Qa5 25. Re7 Kg7 26. Rc7 Rd8 27. Qe3
Nd5 28. Nxd5 Qxd5 29. Qe4 Qxe4 30. Bxe4 Be6 31. Rxb7 Bd4 32. Bc6 Kf6 33. d7 Bb6
34. Bc7 Bxc7 35. Rxc7 a5 36. Ra7 Ke7 37. Rxa5 Kd6 38. Ba4 Bxd7 39. Ra6+ Ke5 40.
Bxd7 Rxd7 41. Rxh6 Ra7 42. Rh7 Kf6 43. a3 c3 44. Rh3 cxb2+ 45. Kxb2 Ke5 46. Re3+
Kd4 47. Rf3 Ke4 48. Rf6 Rb7+ 49. Kc3 Ke5 50. Rf3 f5 51. a4 f4 52. Rd3 g4 53. h3
Rc7+ 54. Kd2 Rc4 55. hxg4 Rxa4 56. Ke2 Ke4 57. f3+ Ke5 58. Rd2 Ra1 59. Kf2 Rb1
60. Re2+ Kf6 61. g3 1-0

[Event "24th ch-EUR Indiv w 2024"]
[Site "Rhodes GRE"]
[Date "2024.04.20"]
[Round "2.39"]
[White "Socko, Monika"]
[Black "Ivan-Gal, Hanna Krisztina"]
[Result "1-0"]
[WhiteTitle "GM"]
[BlackTitle "WFM"]
[WhiteElo "2428"]
[BlackElo "2161"]
[WhiteFideId "1106619"]
[BlackFideId "711861"]
[EventDate "2024.04.19"]

1. d4 Nf6 2. c4 g6 3. Nc3 Bg7 4. e4 d6 5. Bd3 O-O 6. Nge2 Nc6 7. O-O Nh5 8. Be3
e5 9. d5 Nd4 10. Nb5 Nxb5 11. cxb5 f5 12. exf5 gxf5 13. f3 f4 14. Bf2 Qg5 15.
Kh1 e4 16. Bxe4 Be5 17. Qd2 Rf7 18. g4 Nf6 19. Bc2 Rg7 20. Nd4 Nxg4 21. fxg4
Bxg4 22. Be4 Qh5 23. Rg1 Re8 24. Rxg4 Qxg4 25. Rg1 Qh3 26. Rxg7+ Bxg7 27. Ne6
Be5 28. Bg1 Re7 29. Qg2+ Qxg2+ 30. Kxg2 Bxb2 31. Bxa7 Re8 32. Bf2 Ra8 33. Bb1
Be5 34. Nxc7 Ra3 35. b6 f3+ 36. Kh3 Rc3 37. Ne6 Rc1 38. Be4 Rh1 39. Kg4 Rxh2 40.
Kxf3 Rh3+ 41. Kg2 Ra3 42. Bb1 Ra5 43. Nd8 Rb5 44. Bd3 Rb2 45. Kf3 Rxa2 46. Nxb7
Ra8 47. Na5 Rf8+ 48. Ke2 Rxf2+ 49. Kxf2 Bd4+ 50. Kf3 Bxb6 51. Nc4 Bc5 52. Kg4
Kf7 53. Kf5 Ke7 54. Be2 Bb4 55. Bh5 Bc5 56. Nd2 Bd4 57. Nf3 Bc5 58. Ng5 Bb4 59.
Nxh7 Bc5 60. Kg6 Bd4 61. Ng5 Bc5 62. Ne4 Bd4 63. Ng3 Be5 64. Nf5+ Kd7 65. Kf7
Kc7 66. Ke6 Bh2 67. Bd1 Be5 68. Bf3 Bh2 69. Ng7 Kb6 70. Kd7 Be5 71. Ne6 Bh2 72.
Kc8 Be5 73. Nf8 Bh2 74. Nd7+ Kb5 75. Be2+ Kb4 76. Kc7 Kc3 77. Kc6 Kd4 78. Nf6
Kc3 79. Ne4+ Kd4 80. Nxd6 Ke3 81. Bb5 Kf4 82. Nc4 Kf5 83. d6 Bxd6 84. Kxd6 Ke4
85. Ne5 Kd4 86. Bc6 Ke3 87. Kd5 Kf4 88. Kd4 Kf5 89. Bd7+ Kf4 90. Nf7 Kf3 91. Kd3
Kf4 92. Be6 Kf3 93. Bf5 Kf4 94. Be4 Kg3 95. Ke3 Kg4 96. Bd3 Kg3 97. Be2 Kg2 98.
Ng5 Kg3 99. Ne4+ Kg2 100. Kf4 Kh3 101. Kg5 Kg2 102. Kg4 Kh2 103. Bf1 Kg1 104.
Bh3 Kh2 105. Nd2 Kg1 106. Kg3 1-0

[Event "24th ch-EUR Indiv w 2024"]
[Site "Rhodes GRE"]
[Date "2024.04.20"]
[Round "2.40"]
[White "Mgeladze, Kesaria"]
[Black "Tsolakidou, Stavroula"]
[Result "1-0"]
[WhiteTitle "WFM"]
[BlackTitle "IM"]
[WhiteElo "2094"]
[BlackElo "2424"]
[WhiteFideId "13621130"]
[BlackFideId "4264312"]
[EventDate "2024.04.19"]

1. e4 c5 2. Nf3 d6 3. d4 cxd4 4. Nxd4 Nf6 5. Nc3 a6 6. f3 e5 7. Nb3 Be6 8. Be3
Be7 9. Qd2 O-O 10. O-O-O Nbd7 11. g4 b5 12. g5 b4 13. Ne2 Nh5 14. Ng3 a5 15.
Nxh5 a4 16. Na1 Bxa2 17. Qxb4 d5 18. Qd2 Qb8 19. exd5 Bb4 20. Qd3 Rc8 21. Qb5
Qd6 22. Bh3 a3 23. b3 Bxb3 24. Qxd7 Qa6 25. Nf6+ gxf6 26. Bf1 Qa5 27. gxf6 a2
28. Qg4+ Kf8 29. Bh6+ Ke8 30. Bb5+ Qxb5 31. Qg8+ Kd7 32. Qxf7+ Kd8 33. Qg8+ Kc7
34. d6+ Bxd6 35. Qxb3 Ba3+ 36. Kd2 Rd8+ 37. Ke1 Rxd1+ 38. Kxd1 Rd8+ 39. Ke1 Bb4+
40. Kf2 Bc5+ 41. Be3 Qd7 42. Qd3 1-0

[Event "24th ch-EUR Indiv w 2024"]
[Site "Rhodes GRE"]
[Date "2024.04.20"]
[Round "2.41"]
[White "Alexieva, Silvia"]
[Black "Hoang, Thanh Trang"]
[Result "1/2-1/2"]
[WhiteTitle "IM"]
[BlackTitle "GM"]
[WhiteElo "2144"]
[BlackElo "2382"]
[WhiteFideId "2902265"]
[BlackFideId "12400149"]
[EventDate "2024.04.19"]

1. d4 e6 2. Nf3 f5 3. g3 Nf6 4. Bg2 d5 5. O-O Bd6 6. c4 c6 7. b3 Qe7 8. a4 a5 9.
Ba3 Bxa3 10. Nxa3 O-O 11. Nc2 b6 12. Nce1 Bb7 13. Rc1 Nbd7 14. Nd3 Rfd8 15. Qd2
c5 16. e3 Rac8 17. Rfd1 dxc4 18. bxc4 Bxf3 19. Bxf3 e5 20. dxe5 Nxe5 21. Qe2
Nxf3+ 22. Qxf3 Qe4 23. Qxe4 fxe4 24. Nf4 Kf7 25. h4 Rd7 26. Rxd7+ Nxd7 27. Rb1
Rc6 28. Nd5 Ke6 29. Kg2 Rd6 30. Rb2 Ke5 31. Kf1 h6 32. Ke2 Kf5 33. Rb1 g5 34.
hxg5 hxg5 35. Ne7+ Kg4 36. Nd5 Kf5 37. Ne7+ Kg4 38. Nd5 Kf5 1/2-1/2

[Event "24th ch-EUR Indiv w 2024"]
[Site "Rhodes GRE"]
[Date "2024.04.20"]
[Round "2.42"]
[White "Hejazipour, Mitra"]
[Black "Belluire, Beatrice"]
[Result "1-0"]
[WhiteTitle "WGM"]
[WhiteElo "2376"]
[BlackElo "2070"]
[WhiteFideId "12505951"]
[BlackFideId "26017296"]
[EventDate "2024.04.19"]

1. d4 d5 2. Nf3 e6 3. c4 a6 4. cxd5 exd5 5. Nc3 h6 6. Bf4 Nf6 7. e3 Bd6 8. Bd3
Bxf4 9. exf4 Bg4 10. h3 Qe7+ 11. Kf1 Bxf3 12. Qxf3 O-O 13. g4 Nc6 14. g5 hxg5
15. fxg5 Ne4 16. Bxe4 dxe4 17. Nxe4 Nxd4 18. Qg4 Qe6 19. Re1 Qxg4 20. hxg4 Rfe8
21. Re3 Ne6 22. Kg2 Nf4+ 23. Kg3 Nd5 24. Re2 Re6 25. f3 Rae8 26. Reh2 Kf8 27.
Nc5 Re3 28. Nxb7 Ke7 29. Rd2 Nb4 30. Kf4 Re6 31. Nc5 Rd6 32. Re2+ Kd8 33. Nb7+
Kd7 34. Rxe8 Kxe8 35. Nxd6+ cxd6 36. Rd1 Kd7 37. a3 Nc6 38. Ke4 Ne5 39. f4 Nxg4
40. Rg1 1-0

[Event "24th ch-EUR Indiv w 2024"]
[Site "Rhodes GRE"]
[Date "2024.04.20"]
[Round "2.43"]
[White "Yao, Lan"]
[Black "Tsirulnik, Maritsa"]
[Result "1-0"]
[WhiteTitle "WGM"]
[WhiteElo "2370"]
[BlackElo "2082"]
[WhiteFideId "8610835"]
[BlackFideId "14118688"]
[EventDate "2024.04.19"]

1. e4 c5 2. Nf3 e6 3. d4 cxd4 4. Nxd4 Nc6 5. Nc3 a6 6. Be3 Nf6 7. Nxc6 bxc6 8.
e5 Nd5 9. Nxd5 cxd5 10. Bd3 d6 11. Bd4 dxe5 12. Bxe5 Qg5 13. Qe2 h5 14. f4 Qd8
15. O-O-O Bd7 16. f5 Qg5+ 17. Kb1 Be7 18. h4 Qh6 19. Bc3 exf5 20. Rde1 Qd6 21.
Be5 Qc5 22. Bxg7 Rg8 23. Bf6 Be6 24. Bxe7 Qxe7 25. Bxf5 Kd7 26. Qxh5 Rxg2 27.
Qf3 Rd2 28. Qe3 Rg2 29. Qb6 Rc8 30. Qxa6 Qd6 31. Qb5+ Rc6 32. Bd3 Kc7 33. Qa5+
Kb7 34. h5 Rg8 35. Rh4 Qg3 36. Rb4+ Kc8 37. Rc1 d4 1-0

[Event "24th ch-EUR Indiv w 2024"]
[Site "Rhodes GRE"]
[Date "2024.04.20"]
[Round "2.44"]
[White "Mkrtchian, Lilit"]
[Black "Deak-Sala, Emilia"]
[Result "1/2-1/2"]
[WhiteTitle "IM"]
[WhiteElo "2366"]
[BlackElo "2053"]
[WhiteFideId "13300601"]
[BlackFideId "795615"]
[EventDate "2024.04.19"]

1. Nf3 Nf6 2. c4 g6 3. Nc3 Bg7 4. e4 d6 5. d4 O-O 6. Be2 e5 7. O-O exd4 8. Nxd4
Re8 9. f3 c6 10. Kh1 h6 11. Nc2 Na6 12. Bf4 d5 13. cxd5 cxd5 14. exd5 Nh5 15.
Be3 Nb4 16. Bf2 Nxc2 17. Qxc2 Nf4 18. Bb5 Bd7 19. Bxd7 Qxd7 20. Rad1 b5 21. Qd2
Qf5 22. Bd4 Rad8 23. Bxg7 Kxg7 24. Qd4+ Kh7 25. Rd2 b4 26. Qxb4 Nxd5 27. Nxd5
Rxd5 28. a3 Red8 29. Rxd5 Rxd5 30. h3 a5 31. Qe4 Qd7 32. Re1 Rd2 33. Qe5 Qb7 34.
Qf6 Qc7 35. b4 axb4 36. axb4 Rd5 37. Qe7 Qxe7 38. Rxe7 Rd1+ 39. Kh2 Kg7 40. b5
Rb1 41. Rb7 h5 42. Kg3 Rb4 43. h4 Kf6 44. b6 Kg7 45. Kh3 Rb3 46. Kh2 Rb4 47. Kg3
Kf6 48. Rb8 Kg7 49. Kf2 Rxh4 50. Ke3 Rb4 51. Kd3 Kf6 52. Kc3 Rb1 53. Kc4 Kg5 54.
Kc5 Kf4 55. Rd8 Kg3 56. Rd2 f5 57. Kc6 Rc1+ 58. Kd6 Rb1 59. Kc7 Rc1+ 60. Kd7 Rb1
61. Kc7 Rc1+ 62. Kd7 Rb1 63. Kc6 1/2-1/2

[Event "24th ch-EUR Indiv w 2024"]
[Site "Rhodes GRE"]
[Date "2024.04.20"]
[Round "2.45"]
[White "Mkrtchyan, Mariam"]
[Black "Sivanandan, Bodhana"]
[Result "0-1"]
[WhiteTitle "WIM"]
[BlackTitle "WCM"]
[WhiteElo "2354"]
[BlackElo "2065"]
[WhiteFideId "13310828"]
[BlackFideId "497592"]
[EventDate "2024.04.19"]

1. d4 d5 2. c4 c6 3. Nf3 Nf6 4. Nc3 e6 5. g3 dxc4 6. Bg2 Bb4 7. O-O O-O 8. Bg5
Nbd7 9. e4 h6 10. Bxf6 Qxf6 11. Qe2 Bxc3 12. bxc3 b5 13. e5 Qe7 14. Nd2 Bb7 15.
Rfb1 Rfb8 16. a4 a6 17. Ne4 c5 18. axb5 axb5 19. Rxa8 Bxa8 20. Nd6 Bxg2 21. Kxg2
cxd4 22. cxd4 Qf8 23. Qf3 Nf6 24. Qc6 Nd5 25. Nxb5 Rc8 26. Qb7 c3 27. Nd6 Rc7
28. Qb3 c2 29. Rc1 Qa8 30. Qf3 Qc6 31. Ne4 Qc4 32. Qg4 Kh8 33. Nd6 Qc6 34. Kh3
Nb4 35. d5 Nxd5 36. Qf3 Kg8 37. Qb3 Qc3 38. Qxc3 Rxc3 39. Nb5 Rc5 40. Nd4 Nb4
41. f4 Rc4 42. Nb3 Nd3 43. Ra1 c1=Q 44. Nxc1 Rxc1 45. Ra8+ Kh7 46. Ra7 Kg6 0-1

[Event "24th ch-EUR Indiv w 2024"]
[Site "Rhodes GRE"]
[Date "2024.04.20"]
[Round "2.46"]
[White "Mammadova, Gulnar"]
[Black "Valkova, Angelika"]
[Result "1-0"]
[WhiteTitle "IM"]
[WhiteElo "2352"]
[BlackElo "2009"]
[WhiteFideId "13403508"]
[BlackFideId "14129272"]
[EventDate "2024.04.19"]

1. e4 e5 2. Nf3 Nc6 3. Bb5 a6 4. Ba4 Nge7 5. Nc3 d6 6. h3 b5 7. Bb3 Na5 8. Ne2
Nxb3 9. axb3 Bb7 10. Ng3 g6 11. d4 Bg7 12. Be3 d5 13. exd5 Nxd5 14. Bg5 f6 15.
Bc1 O-O 16. O-O Nf4 17. Re1 Qd5 18. Bxf4 exf4 19. Ne4 g5 20. Nc5 Bc8 21. Qe2 g4
22. hxg4 Bxg4 23. Rxa6 Rae8 24. Qxb5 Bxf3 25. Rxe8 Qg5 26. Rxf8+ Bxf8 27. Qf1
Qg4 28. Nd7 Kg7 29. Nxf6 Qg5 30. Nxh7 Qg4 31. Nxf8 Kxf8 32. Rh6 Be2 33. Rf6+ Kg7
34. Rxf4 Qxf4 35. Qxe2 Qc1+ 36. Kh2 Qf4+ 37. Kh3 Qh6+ 38. Kg3 Kf7 39. Qf3+ 1-0

[Event "24th ch-EUR Indiv w 2024"]
[Site "Rhodes GRE"]
[Date "2024.04.20"]
[Round "2.47"]
[White "Savina, Anastasia"]
[Black "Hapala, Elisabeth"]
[Result "1-0"]
[WhiteTitle "IM"]
[BlackTitle "WFM"]
[WhiteElo "2330"]
[BlackElo "2044"]
[WhiteFideId "4196872"]
[BlackFideId "1622080"]
[EventDate "2024.04.19"]

1. d4 Nf6 2. c4 e6 3. Nf3 b6 4. a3 Bb7 5. Bf4 d6 6. Nc3 Ne4 7. Nxe4 Bxe4 8. d5
e5 9. Bc1 Nd7 10. Nd2 Bg6 11. h4 h5 12. b4 Be7 13. g3 e4 14. Nb3 Bf6 15. Ra2 Ne5
16. Bh3 Nxc4 17. Nd4 O-O 18. Nc6 Qe8 19. Rc2 b5 20. e3 Be5 21. Bf1 Bf5 22. Qxh5
Qd7 23. Qxf5 Qxf5 24. Ne7+ Kh7 25. Nxf5 Nb6 26. Bxb5 Nxd5 27. Bc6 1-0

[Event "24th ch-EUR Indiv w 2024"]
[Site "Rhodes GRE"]
[Date "2024.04.20"]
[Round "2.48"]
[White "Melia, Salome"]
[Black "Mashchenko, Tamila"]
[Result "1-0"]
[WhiteTitle "IM"]
[WhiteElo "2322"]
[BlackElo "1970"]
[WhiteFideId "13602446"]
[BlackFideId "14154463"]
[EventDate "2024.04.19"]

1. e4 c5 2. Nf3 Nc6 3. Bb5 e5 4. O-O Bd6 5. d3 Nge7 6. Nc3 Ng6 7. Nd5 Nce7 8.
Bc4 h6 9. c3 Rb8 10. a4 Nxd5 11. Bxd5 Be7 12. d4 d6 13. b4 O-O 14. bxc5 dxc5 15.
Nxe5 Nxe5 16. dxe5 Qc7 17. f4 c4 18. Qe2 Be6 19. Be3 Bc5 20. Kh1 Bxe3 21. Qxe3
Rbd8 22. Rfd1 Qa5 23. Qf3 Rd7 24. Rd4 Rfd8 25. Rad1 Qxa4 26. f5 Bxd5 27. exd5
Re7 28. Qg3 Ree8 29. f6 g6 30. Re1 Qa5 31. Qe3 Kh7 32. Rh4 h5 33. Rxh5+ gxh5 34.
Qg5 Rxe5 35. Qg7# 1-0